<?xml version="1.0" encoding="UTF-8"?>
<collection xmlns="http://www.loc.gov/MARC21/slim">
 <record>
  <leader>05482nam a2200313 a 4500</leader>
  <controlfield tag="001">kal2593</controlfield>
  <controlfield tag="003">Gr-AtHEAL</controlfield>
  <controlfield tag="005">20160422075806.0</controlfield>
  <controlfield tag="006">m        d        </controlfield>
  <controlfield tag="008">160413s2015    gr      s           gre|c</controlfield>
  <datafield tag="020" ind1=" " ind2=" ">
   <subfield code="a">9789606034022</subfield>
  </datafield>
  <datafield tag="040" ind1=" " ind2=" ">
   <subfield code="a">GR-AtHEAL</subfield>
   <subfield code="b">gre</subfield>
   <subfield code="c">GR-AtHEAL</subfield>
  </datafield>
  <datafield tag="082" ind1="0" ind2="4">
   <subfield code="a">520</subfield>
   <subfield code="2">23</subfield>
  </datafield>
  <datafield tag="100" ind1="1" ind2=" ">
   <subfield code="a">Τσιγάνης, Κλεομένης.</subfield>
   <subfield code="8">1120</subfield>
  </datafield>
  <datafield tag="245" ind1="1" ind2="0">
   <subfield code="a">Πλανητικά συστήματα</subfield>
   <subfield code="h">[Ηλεκτρονικός πόρος] </subfield>
   <subfield code="c">Τσιγάνης, Κλεομένης ; Βάρβογλης, Χαράλαμπος ; Κριτικός αναγνώστης,Βουγιατζής, Γεώργιος ; Γραφιστική επιμέλεια,Λουκέρη, Σοφία.</subfield>
  </datafield>
  <datafield tag="260" ind1=" " ind2=" ">
   <subfield code="a">Αθήνα :</subfield>
   <subfield code="b">Σύνδεσμος Ελληνικών Ακαδημαϊκών Βιβλιοθηκών,</subfield>
   <subfield code="c">c2015.</subfield>
  </datafield>
  <datafield tag="490" ind1=" " ind2=" ">
   <subfield code="a">Ακαδημαϊκά Ηλεκτρονικά Συγγράμματα και Βοηθήματα Κάλλιπος</subfield>
   <subfield code="8">40</subfield>
  </datafield>
  <datafield tag="520" ind1=" " ind2=" ">
   <subfield code="a">Το προτεινόμενο σύγγραμμα πραγματεύεται τη μελέτη των Πλανητικών Συστημάτων (και βέβαια του ηλιακού συστήματος), η οποία αποτελεί πλέον ένα από τα πλέον σύγχρονα ερευνητικά αντικείμενα στο πεδίο της Αστρονομίας-Αστροφυσικής διεθνώς, μετά και από τις συνεχείς ανακαλύψεις νέων, εξω-ηλιακών συστημάτων, αλλά και την ανάπτυξη νέων θεωριών για τη δυναμική εξέλιξη του ηλιακού συστήματος. Το βιβλίο θα περιγράφει αναλυτικά τόσο τα παρατηρησιακά δεδομένα όσο και τη βασική θεωρία σχηματισμού πλανητών και δυναμικής εξέλιξης τέτοιων συστημάτων. Θα απευθύνεται σε προπτυχιακούς φοιτητές (4ου έτους) Φυσικής αλλά θα εμβαθύνει (κατά περίπτωση) σε έννοιες που αποτελούν απαραίτητη γνώση για έναν μεταπτυχιακό φοιτητή που επιθυμεί να ασχοληθεί με το εν λόγω ερευνητικό αντικείμενο. Η σύνδεση της μελέτης των πλανητικών συστημάτων με τις διαστημικές αποστολές θα τονίζεται σε κάθε ευκαιρία. Η ύλη του βιβλίου καλύπτει την περιγραφή των φυσικών και δυναμικών χαρακτηριστικών των πλανητών και των άλλων σωμάτων του ηλιακού συστήματος (αστεροειδείς, κομήτες) και τις τεχνικές παρατήρησης εξω-πλανητών και την κατηγοριοποίηση των πλανητικών συστημάτων (με βάση τα τροχιακά και φυσικά χαρακτηριστικά τους). Επίσης, καλύπτει τις βασικές έννοιες Ουράνιας Μηχανικής που είναι απαραίτητες για την κατανόηση της δυναμικής, τις βασικές θεωρίες σχηματισμού γήινων και γιγαντιαίων πλανητών, καθώς και τις νεότερες θεωρίες δυναμικής εξέλιξης και μορφοποίησης του ηλιακού συστήματος και των εξω-ηλιακών συστημάτων.Σημειώνουμε ότι επί του παρόντος δεν υπάρχει αντίστοιχο σύγγραμμα στα Ελληνικά, ενώ μόλις πρόσφατα εισήχθη αντίστοιχο προπτυχιακό μάθημα σε προπτυχιακό πρόγραμμα σπουδών στην Ελλάδα, από τον κύριο συγγραφέα. Επίσης, αξίζει να σημειωθεί ότι είναι η πρώτη προσπάθεια συγγραφής βιβλίου και συστηματικής διδασκαλίας στη χώρα μας, σε θέματα που άπτονται της διαστημικής εξερεύνησης (αποστολές) - παρά το γεγονός ότι η Ελλάδα αποτελεί εδώ και χρόνια μέλος του Ευρωπαϊκού Οργανισμού Διαστήματος (ESA).</subfield>
  </datafield>
  <datafield tag="650" ind1=" " ind2="0">
   <subfield code="a">Astronomy</subfield>
   <subfield code="8">2046</subfield>
  </datafield>
  <datafield tag="653" ind1=" " ind2=" ">
   <subfield code="a">Ηλιακό σύστημα</subfield>
  </datafield>
  <datafield tag="653" ind1=" " ind2=" ">
   <subfield code="a">Πλανητικά συστήματα</subfield>
  </datafield>
  <datafield tag="653" ind1=" " ind2=" ">
   <subfield code="a">Αστρονομία και αστροφυσική</subfield>
   <subfield code="a">Αστρονομικά αντικείμενα</subfield>
   <subfield code="a">Πλανήτες</subfield>
  </datafield>
  <datafield tag="700" ind1="1" ind2=" ">
   <subfield code="a">Βάρβογλης, Χαράλαμπος</subfield>
   <subfield code="e">Συγγραφέας</subfield>
   <subfield code="8">1121</subfield>
  </datafield>
  <datafield tag="700" ind1="1" ind2=" ">
   <subfield code="a">Βουγιατζής, Γεώργιος</subfield>
   <subfield code="e">Κριτικός αναγνώστης</subfield>
   <subfield code="8">1122</subfield>
  </datafield>
  <datafield tag="856" ind1="4" ind2="0">
   <subfield code="u">http://hdl.handle.net/11419/2593</subfield>
   <subfield code="z">Πλήρες Κείμενο - Full text</subfield>
  </datafield>
  <datafield tag="907" ind1=" " ind2=" ">
   <subfield code="a">.b25679399</subfield>
   <subfield code="b">12-06-18</subfield>
   <subfield code="c">29-07-16</subfield>
  </datafield>
  <datafield tag="949" ind1=" " ind2=" ">
   <subfield code="0">0</subfield>
   <subfield code="1">0</subfield>
   <subfield code="2">ddc</subfield>
   <subfield code="4">0</subfield>
   <subfield code="6">520_000000000000000_ΤΣΙ</subfield>
   <subfield code="7">0</subfield>
   <subfield code="8">KALL</subfield>
   <subfield code="8">698</subfield>
   <subfield code="d">2016-04-13</subfield>
   <subfield code="r">2016-04-13</subfield>
   <subfield code="w">2016-04-13</subfield>
   <subfield code="z">520 ΤΣΙ</subfield>
   <subfield code="o">SEAB KALLIPOS</subfield>
  </datafield>
  <datafield tag="998" ind1=" " ind2=" ">
   <subfield code="a">80</subfield>
   <subfield code="a">01</subfield>
   <subfield code="a">02</subfield>
   <subfield code="a">03</subfield>
   <subfield code="a">04</subfield>
   <subfield code="a">05</subfield>
   <subfield code="a">06</subfield>
   <subfield code="a">07</subfield>
   <subfield code="a">08</subfield>
   <subfield code="a">09</subfield>
   <subfield code="a">10</subfield>
   <subfield code="a">11</subfield>
   <subfield code="a">12</subfield>
   <subfield code="a">13</subfield>
   <subfield code="a">14</subfield>
   <subfield code="a">15</subfield>
   <subfield code="a">16</subfield>
   <subfield code="a">17</subfield>
   <subfield code="a">19</subfield>
   <subfield code="a">18</subfield>
   <subfield code="a">20</subfield>
   <subfield code="a">21</subfield>
   <subfield code="a">22</subfield>
   <subfield code="a">23</subfield>
   <subfield code="a">24</subfield>
   <subfield code="a">25</subfield>
   <subfield code="a">26</subfield>
   <subfield code="b">15-05-17</subfield>
   <subfield code="c">m</subfield>
   <subfield code="d">z  </subfield>
   <subfield code="e">-</subfield>
   <subfield code="f">gre</subfield>
   <subfield code="g">gr </subfield>
   <subfield code="h">0</subfield>
  </datafield>
  <datafield tag="942" ind1=" " ind2=" ">
   <subfield code="2">ddc</subfield>
   <subfield code="c">KALLIPOS</subfield>
  </datafield>
 </record>
</collection>
